En lugares de mínimas huellas: el caso del cementerio de Ciudad Abierta, Ritoque

Spremljeno u:
Bibliografski detalji
Glavni autori: Quintanilla Chala, José (Autor), Ureta, Andrés (Autor)
Format: Knjiga
Jezik:španjolski
Izdano: Santiago Pontificia Universidad Católica de Chile 2016
Izdanje:1a. ed
Teme:
Oznake: Dodaj oznaku
Bez oznaka, Budi prvi tko označuje ovaj zapis!

MARC

LEADER 00000cam a2200000 a 4500
001 UCC9236
003 CL-VaPUC
008 190914e20160000cl |||||||||||||||||spa|d
082 0 4 |a 720.47  |b QUI  |2 21 
100 0 |a Quintanilla Chala, José  |e author  |9 604195 
700 0 |a Ureta, Andrés  |e author  |9 604196 
245 1 0 |a En lugares de mínimas huellas: el caso del cementerio de Ciudad Abierta, Ritoque 
250 |a 1a. ed 
300 |a pág. irreg 
942 |c BK 
945 |d 20190914 23:07:00  |a dcastane 
260 |a Santiago  |b Pontificia Universidad Católica de Chile  |c 2016 
650 0 |a Cementerios  |9 344520 
650 0 |a Diseños arquitectónicos  |9 370631 
650 0 |a Ciudad Abierta  |9 390391 
583 |a last modification  |c 20190914 23:07:00  |k Rodrigo Vera 
999 |c 375429  |d 375427 
952 |0 0  |1 0  |3 erd  |4 0  |6 720_470000000000000_QUI_2016  |7 0  |8 R  |9 494390  |a BIBARQ  |b BIBARQ  |i 5600154  |o 720.47 QUI 2016  |p 5600154  |r 2025-01-20  |w 2019-11-24  |y BK_R  |z Catalogado en:20190914  |k ARQ